000 01092nam a22002777a 4500
001 BD-DhSAU 9141
003 BD-DhSAU
005 20181208112528.0
008 150613b2009 bg a|||| m||| 00| 0 eng d
040 _aBD-DhSAU
082 _222
_a630
_bB4697
100 _aBhattacharje, Shubha Ankur
_eRegistration # 07-02587
245 _aEffect of irrigation on the growth and yield of different wheat varieties /
_bMS thesis
_cShubha Ankur Bhattacharje
260 _aSher-e-Bangla Agricultural University :
_bDepartment of Agronomy,
_c2009.
300 _avii, 61 p. :
_bill. ;
_c30 cm.
500 _aMS thesis of Department of Agronomy, Faculty of Agriculture, Sher-e-Bangla Agricultural University, Dhaka, Bangladesh
504 _aIncludes bibliographical reference.
590 _aJerin
650 _aAgronomy
650 _awheat varieties
650 _airrigation
700 _aUllah, Md. Jafar
_eSuperviser
700 _aHossain, H. M. M. Tariq
_eCo-superviser
856 _uhttp://archive.saulibrary.edu.bd:8080/xmlui/handle/123456789/1467
942 _2ddc
_cTHESIS
999 _c9141
_d9141